[Event "Millionaire Chess Open 2014"]
[Site "Las Vegas USA"]
[Date "2014.10.11"]
[Round "5.35"]
[White "Flaquer, Luis"]
[Black "De Guzman, Ricardo"]
[Result "0-1"]
[WhiteTitle "FM"]
[BlackTitle "IM"]
[WhiteElo "2257"]
[BlackElo "2379"]
[WhiteFideId "6400485"]
[BlackFideId "5200121"]
[EventDate "2014.10.09"]

1. c4 Nf6 2. Nc3 g6 3. g3 Bg7 4. Bg2 O-O 5. Nf3 d6 6. d4 c6 7. O-O Qa5 8. e4 e5
9. h3 Re8 10. Be3 exd4 11. Bxd4 Nbd7 12. Nd2 Qc7 13. Kh1 Nc5 14. Be3 a5 15. f4
Nfd7 16. Qc2 f5 17. Rae1 Nf8 18. Bg1 Be6 19. b3 Nfd7 20. Nf3 Bxc3 21. Qxc3 Nxe4
22. Rxe4 fxe4 23. Ng5 Nc5 24. g4 h6 25. Bxc5 hxg5 26. Bd4 gxf4 27. Rxf4 d5 28.
Qg3 Re7 29. Bf6 Rh7 30. c5 Rf8 31. Be5 Qd8 32. Bd4 Rxf4 33. Qxf4 g5 34. Qg3 Qc7
35. Be5 Qe7 36. Bd4 Bd7 37. Kg1 Rf7 38. Qe1 Kh7 39. Qd2 Kg6 40. Bc3 Qxc5+ 41.
Bd4 Qb4 42. Qe3 Qe7 43. Qc3 Be8 44. Bc5 Qf6 45. Bd4 Qf4 46. Be3 Qg3 47. Qd4 Rf3
48. Bd2 e3 49. Bc3 Rf1+ 0-1

[Event "Millionaire Chess Open 2014"]
[Site "Las Vegas USA"]
[Date "2014.10.11"]
[Round "5.36"]
[White "Li, Ruifeng"]
[Black "Schwartz, Ylon"]
[Result "1-0"]
[WhiteTitle "FM"]
[BlackTitle "FM"]
[WhiteElo "2365"]
[BlackElo "2237"]
[WhiteFideId "2061074"]
[BlackFideId "2009323"]
[EventDate "2014.10.09"]

1. e4 c6 2. d4 d5 3. Nd2 Nh6 4. Ngf3 g6 5. Bd3 Bg7 6. c3 O-O 7. O-O dxe4 8. Nxe4
Bg4 9. h3 Bxf3 10. Qxf3 Nd7 11. Bg5 f6 12. Bc4+ Nf7 13. Bh4 Kh8 14. Be6 f5 15.
Ng5 Nxg5 16. Bxg5 Nf6 17. Rfe1 Ne4 18. Bf4 Qb6 19. Bb3 a5 20. Rab1 c5 21. dxc5
Qxc5 22. Bc2 e5 23. Be3 Qc4 24. b3 Qc6 25. Bxe4 fxe4 26. Qg4 a4 27. c4 axb3 28.
axb3 Ra2 29. Red1 h5 30. Qg5 Rf5 31. Qe7 Rfxf2 32. Bxf2 e3 33. Rd8+ Kh7 34. Rd7 1-0

[Event "Millionaire Chess Open 2014"]
[Site "Las Vegas USA"]
[Date "2014.10.11"]
[Round "5.37"]
[White "Burnett, Ronald"]
[Black "Barnett, Alexander"]
[Result "1-0"]
[WhiteTitle "IM"]
[BlackTitle "FM"]
[WhiteElo "2357"]
[BlackElo "2194"]
[WhiteFideId "2002159"]
[BlackFideId "2019906"]
[EventDate "2014.10.09"]

1. c4 e5 2. g3 Nf6 3. Bg2 c6 4. d4 exd4 5. Qxd4 Na6 6. Nc3 d5 7. Bg5 dxc4 8.
Qxc4 Nc5 9. Rd1 Bd7 10. Nf3 Ne6 11. O-O Be7 12. Bxf6 Bxf6 13. Ne4 b5 14. Qc1 Qe7
15. Rd6 Rc8 16. Rfd1 Rc7 17. Nxf6+ gxf6 18. Nh4 1-0

[Event "Millionaire Chess Open 2014"]
[Site "Las Vegas USA"]
[Date "2014.10.11"]
[Round "5.39"]
[White "Zuluaga, Cesar"]
[Black "Makka, Ioulia"]
[Result "1-0"]
[WhiteTitle "IM"]
[BlackTitle "WIM"]
[WhiteElo "2344"]
[BlackElo "2098"]
[WhiteFideId "4401492"]
[BlackFideId "4205316"]
[EventDate "2014.10.09"]

1. d4 Nf6 2. Nf3 e6 3. Bf4 d5 4. e3 Bd6 5. Nbd2 Bxf4 6. exf4 Qd6 7. g3 O-O 8.
Bd3 b6 9. Qe2 a5 10. O-O c5 11. c3 Ba6 12. Bxa6 Nxa6 13. Rfe1 Nc7 14. Rac1 b5
15. a4 c4 16. axb5 a4 17. Ne5 Rfb8 18. Ndf3 Rxb5 19. Ng5 Rf8 20. g4 Rb3 21. Qc2
Qb6 22. Nd7 1-0

[Event "Millionaire Chess Open 2014"]
[Site "Las Vegas USA"]
[Date "2014.10.11"]
[Round "6.1"]
[White "Yu, Yangyi"]
[Black "So, Wesley"]
[Result "1/2-1/2"]
[WhiteTitle "GM"]
[BlackTitle "GM"]
[WhiteElo "2697"]
[BlackElo "2755"]
[WhiteFideId "8603820"]
[BlackFideId "5202213"]
[EventDate "2014.10.09"]

1. e4 e5 2. Nf3 Nc6 3. Bb5 Nf6 4. d3 Bc5 5. Bxc6 dxc6 6. Nbd2 O-O 7. Nc4 Nd7 8.
Be3 Bd6 9. O-O Re8 10. d4 exd4 11. Nxd6 cxd6 12. Qxd4 Qf6 13. Nd2 Qxd4 14. Bxd4
c5 15. Be3 b6 16. Nc4 Ba6 17. Nxd6 Bxf1 18. Nxe8 Rxe8 19. Kxf1 Rxe4 20. Rd1 Re7
21. a4 f6 22. a5 Ne5 23. axb6 axb6 24. Bf4 Kf7 25. Bxe5 Rxe5 26. Rd7+ Re7 27.
Rd6 Re6 28. Rd7+ Re7 29. Rd6 Re6 30. Rd7+ Re7 1/2-1/2

[Event "Millionaire Chess Open 2014"]
[Site "Las Vegas USA"]
[Date "2014.10.11"]
[Round "6.3"]
[White "Zhou, Jianchao"]
[Black "Najer, Evgeniy"]
[Result "1/2-1/2"]
[WhiteTitle "GM"]
[BlackTitle "GM"]
[WhiteElo "2580"]
[BlackElo "2635"]
[WhiteFideId "8603537"]
[BlackFideId "4118987"]
[EventDate "2014.10.09"]

1. d4 d5 2. c4 c6 3. Nc3 Nf6 4. Nf3 dxc4 5. a4 Bf5 6. Nh4 e6 7. Nxf5 exf5 8. e3
Bb4 9. Bxc4 O-O 10. Qc2 g6 11. O-O Nbd7 12. Bd2 Rc8 13. Ne4 Bxd2 14. Nxf6+ Qxf6
15. Qxd2 c5 16. Rfd1 Rfd8 17. b3 Nb6 18. d5 Rc7 19. Qa5 Qd6 20. Rac1 Nd7 21. Be2
b6 22. Qa6 Nf6 23. a5 bxa5 24. Qxd6 Rxd6 25. Bc4 Rcd7 26. Ra1 Nxd5 27. Rxa5 Nb6
28. Rxd6 Rxd6 29. Kf1 Nxc4 30. bxc4 Rd2 31. Ke1 Rc2 1/2-1/2

[Event "Millionaire Chess Open 2014"]
[Site "Las Vegas USA"]
[Date "2014.10.11"]
[Round "6.4"]
[White "Brunello, Sabino"]
[Black "Robson, Ray"]
[Result "0-1"]
[WhiteTitle "GM"]
[BlackTitle "GM"]
[WhiteElo "2552"]
[BlackElo "2628"]
[WhiteFideId "813613"]
[BlackFideId "2023970"]
[EventDate "2014.10.09"]

1. d4 Nf6 2. c4 g6 3. Nc3 d5 4. cxd5 Nxd5 5. e4 Nxc3 6. bxc3 Bg7 7. Nf3 c5 8.
Be3 Qa5 9. Qd2 O-O 10. Rc1 cxd4 11. cxd4 Qxd2+ 12. Nxd2 e6 13. Bb5 a6 14. Ba4 b5
15. Bb3 a5 16. a4 Bd7 17. axb5 Bxb5 18. Bc4 Rc8 19. Ke2 Bd7 20. Nb3 a4 21. Nc5
Be8 22. d5 Nd7 23. dxe6 Nxc5 24. Bxc5 Bb2 25. Rb1 a3 26. Bd5 Rab8 27. Bd6 Rc2+
28. Ke3 Rd8 29. Bb4 fxe6 30. Bxe6+ Bf7 0-1

[Event "Millionaire Chess Open 2014"]
[Site "Las Vegas USA"]
[Date "2014.10.11"]
[Round "6.5"]
[White "Gareev, Timur"]
[Black "Holt, Conrad"]
[Result "1-0"]
[WhiteTitle "GM"]
[BlackTitle "GM"]
[WhiteElo "2612"]
[BlackElo "2571"]
[WhiteFideId "14200937"]
[BlackFideId "2034387"]
[EventDate "2014.10.09"]

1. d4 d5 2. c4 c6 3. Nc3 dxc4 4. e3 b5 5. a4 b4 6. Ne4 Qd5 7. Nd2 c3 8. Ndf3
cxb2 9. Bxb2 Nf6 10. Ne5 e6 11. Ngf3 Be7 12. Bc4 Qa5 13. Bb3 O-O 14. Ng5 Nfd7
15. Ngxf7 Rxf7 16. Nxf7 Kxf7 17. e4 Nf8 18. d5 Na6 19. Qf3+ Kg8 20. dxe6 Bxe6
21. Qg4 Kf7 22. Qxg7+ Ke8 23. Bxe6 Nxe6 24. Qh8+ Nf8 25. O-O Rd8 26. Rac1 Nc5
27. Bg7 Ne6 28. Rxc6 Nxg7 29. Qxg7 Qxa4 30. Rc7 Rd7 31. Rc8+ Rd8 32. Rxd8+ Bxd8
33. Qe5+ Be7 34. Qh5+ Kd8 35. Rd1+ Nd7 36. e5 Kc7 37. Rc1+ Nc5 38. Qxh7 Qd7 39.
h4 Kb6 40. h5 b3 41. h6 Qe6 42. Qg7 Nd3 43. h7 Nxc1 44. h8=Q Ne2+ 45. Kh2 Nd4
46. Qe8 Nc6 47. Qef7 1-0

[Event "Millionaire Chess Open 2014"]
[Site "Las Vegas USA"]
[Date "2014.10.11"]
[Round "6.6"]
[White "Berczes, David"]
[Black "Le, Quang Liem"]
[Result "1-0"]
[WhiteTitle "GM"]
[BlackTitle "GM"]
[WhiteElo "2471"]
[BlackElo "2706"]
[WhiteFideId "722960"]
[BlackFideId "12401137"]
[EventDate "2014.10.09"]

1. d4 Nf6 2. c4 g6 3. f3 c5 4. d5 b5 5. e4 Bg7 6. cxb5 a6 7. Nc3 O-O 8. Be3 d6
9. a4 Ne8 10. Be2 axb5 11. axb5 Rxa1 12. Qxa1 Qb6 13. h4 h5 14. Nh3 Nc7 15. Qc1
Nd7 16. Nf2 Qb7 17. g4 e6 18. gxh5 exd5 19. Bh6 Ne5 20. Bxg7 Kxg7 21. f4 Nd7 22.
Rg1 d4 23. f5 Rh8 24. Qg5 Ne5 25. Ng4 Nxg4 26. Rxg4 dxc3 27. Qe7 Bxf5 28. exf5
Qh1+ 29. Kf2 Qh2+ 30. Kf1 Qh1+ 31. Kf2 Qh2+ 32. Kf1 Qh1+ 33. Rg1 Qh3+ 34. Ke1
Qxf5 35. Rxg6+ Kh7 36. Rf6 Qb1+ 37. Kf2 Rg8 38. Rxf7+ Kh8 39. Qf6+ 1-0

[Event "Millionaire Chess Open 2014"]
[Site "Las Vegas USA"]
[Date "2014.10.11"]
[Round "6.7"]
[White "Chirila, Ioan-Cristian"]
[Black "Mamedov, Rauf"]
[Result "0-1"]
[WhiteTitle "GM"]
[BlackTitle "GM"]
[WhiteElo "2529"]
[BlackElo "2667"]
[WhiteFideId "1211668"]
[BlackFideId "13401653"]
[EventDate "2014.10.09"]

1. d4 g6 2. c4 Bg7 3. Nc3 d6 4. e4 Nc6 5. Be3 e5 6. d5 Nce7 7. c5 f5 8. Bb5+ Kf8
9. Nf3 Nf6 10. cxd6 cxd6 11. Ng5 h6 12. Ne6+ Bxe6 13. dxe6 fxe4 14. O-O d5 15.
Bc5 Rc8 16. Bxe7+ Kxe7 17. Bd7 Rc5 18. Qb3 Qb6 19. Qa3 Qd6 20. Qxa7 d4 21. Rad1
Rc4 22. Rfe1 Qa6 23. Qxa6 bxa6 24. Nxe4 Nxd7 25. exd7 Kxd7 26. Re2 Rhc8 27. Kf1
h5 28. b3 Rc2 29. a4 a5 30. h4 Bh6 31. Ng5 Rxe2 32. Kxe2 Rc2+ 33. Kd3 Rxf2 34.
Ne4 Rxg2 35. Kc4 Ke6 36. b4 axb4 37. a5 Ra2 38. a6 Bf8 39. Kb5 b3 40. Rb1 b2 41.
Nd2 Kd5 42. Nc4 Rxa6 0-1

[Event "Millionaire Chess Open 2014"]
[Site "Las Vegas USA"]
[Date "2014.10.11"]
[Round "6.8"]
[White "Dreev, Aleksey"]
[Black "Margvelashvili, Giorgi"]
[Result "1-0"]
[WhiteTitle "GM"]
[BlackTitle "GM"]
[WhiteElo "2654"]
[BlackElo "2540"]
[WhiteFideId "4100107"]
[BlackFideId "13602926"]
[EventDate "2014.10.09"]

1. d4 Nf6 2. c4 g6 3. Nf3 Bg7 4. e3 O-O 5. Be2 c5 6. d5 d6 7. Nc3 e6 8. Nd2 Na6
9. O-O Nc7 10. e4 exd5 11. cxd5 Nfe8 12. a4 b6 13. Nc4 f5 14. exf5 Rxf5 15. a5
Rb8 16. axb6 axb6 17. Be3 Kh8 18. Qd2 b5 19. Na5 Bd7 20. Nc6 Bxc6 21. dxc6 b4
22. Ne4 Qe7 23. Bf3 Nb5 24. Rfe1 Nec7 25. Bf4 Be5 26. Bg5 Qf8 27. Bg4 Bf4 28.
Bxf4 Rxf4 29. Bd7 Rf7 30. Qe3 Re7 31. Qg3 Re5 32. Ng5 Rxe1+ 33. Rxe1 Qg7 34. h4
Rf8 35. b3 Qf6 36. Re3 Kg8 37. h5 Qa1+ 38. Kh2 Qg7 39. hxg6 hxg6 40. Re4 Qf6 41.
Be6+ Kg7 42. Bc4 Rh8+ 43. Rh4 Rxh4+ 44. Qxh4 d5 45. Bd3 Nd4 46. Qh7+ Kf8 47.
Qxc7 Qxg5 48. Qc8+ Kf7 49. Qd7+ Qe7 50. Qxd5+ Kg7 51. Kh3 Ne6 52. g3 Nc7 53. Qd7
Qxd7+ 54. cxd7 Ne6 55. Kg4 Kf6 56. Bc4 Nd8 57. f4 Nc6 58. Bd5 Nd8 59. Kh4 Ke7
60. Kg5 Kd6 61. Bc4 Kxd7 62. Kxg6 Nc6 63. Kf6 Kd6 64. g4 Na5 65. Be6 c4 66. bxc4
b3 67. c5+ Kxc5 68. Bxb3 Nxb3 69. g5 Nd2 70. g6 Ne4+ 71. Ke6 1-0

[Event "Millionaire Chess Open 2014"]
[Site "Las Vegas USA"]
[Date "2014.10.11"]
[Round "6.9"]
[White "Azarov, Sergei"]
[Black "Matamoros Franco, Carlos S."]
[Result "1-0"]
[WhiteTitle "GM"]
[BlackTitle "GM"]
[WhiteElo "2639"]
[BlackElo "2517"]
[WhiteFideId "13501470"]
[BlackFideId "3600017"]
[EventDate "2014.10.09"]

1. e4 e6 2. d4 d5 3. Nd2 c5 4. Ngf3 cxd4 5. exd5 Qxd5 6. Bc4 Qd7 7. O-O Nc6 8.
Nb3 Nf6 9. Nbxd4 Nxd4 10. Nxd4 a6 11. Re1 Bc5 12. Be3 O-O 13. c3 Qc7 14. Bb3 Bd6
15. h3 Bh2+ 16. Kh1 Bf4 17. Qf3 Bxe3 18. Rxe3 Bd7 19. Rae1 Rad8 20. Kg1 Bc8 21.
Re5 b5 22. Qe3 Kh8 23. a4 bxa4 24. Bxa4 Bb7 25. Bc2 Rd5 26. Rxd5 Bxd5 27. b3 Rd8
28. c4 Bb7 29. Nf3 Bxf3 30. Qxf3 a5 31. Rd1 Rxd1+ 32. Bxd1 Qe5 33. Qa8+ Ng8 34.
Bf3 Qe1+ 35. Kh2 Qe5+ 36. g3 Qc5 37. Kg2 g6 38. Qb8 Kg7 39. Qb5 Qc7 40. c5 Nf6
41. c6 Ne8 42. Qc5 h5 43. h4 Qd8 44. Be4 Qc7 45. Kf1 Qd8 46. Ke2 Kg8 47. Bd3 Qc7
48. Kd2 Qd8 49. Kc2 Qc7 50. f4 Qd8 51. Be4 Qc7 52. Kb2 Qd8 53. Bc2 Qf6+ 54. Kb1
Qd8 55. Ka2 Qc7 56. Ka3 Nf6 57. Ka4 Nd7 58. cxd7 Qxc5 59. d8=Q+ Kg7 60. Qd2 1-0

[Event "Millionaire Chess Open 2014"]
[Site "Las Vegas USA"]
[Date "2014.10.11"]
[Round "6.10"]
[White "Shankland, Samuel L"]
[Black "Pakleza, Zbigniew"]
[Result "1/2-1/2"]
[WhiteTitle "GM"]
[BlackTitle "IM"]
[WhiteElo "2633"]
[BlackElo "2509"]
[WhiteFideId "2004887"]
[BlackFideId "1119290"]
[EventDate "2014.10.09"]

1. e4 c6 2. d4 d5 3. e5 Bf5 4. Nf3 e6 5. Be2 Ne7 6. O-O Nd7 7. Nbd2 Bg6 8. Nb3
Nf5 9. a4 Be7 10. g4 Nh4 11. Nxh4 Bxh4 12. f4 f5 13. exf6 Bxf6 14. g5 Be7 15.
Bg4 Bf5 16. Re1 Kf7 17. Qe2 Nf8 18. Nc5 Bxc5 19. dxc5 Qd7 20. b4 Ng6 21. Bb2 e5
22. Bxf5 Qxf5 23. Bxe5 Nxe5 24. fxe5 Ke6 25. Qg2 h5 26. c4 Qg4 27. cxd5+ cxd5
28. Rad1 Raf8 29. Qxg4+ hxg4 30. Rd4 g3 31. hxg3 Rh5 32. Rf4 Rfh8 33. Kg2 Rxg5
34. g4 Rg6 35. Rh1 Rxh1 36. Kxh1 Kxe5 37. Rf7 b6 38. Rxa7 bxc5 39. bxc5 Rxg4 40.
a5 g5 41. Re7+ Kd4 42. c6 Kc5 43. c7 Rh4+ 44. Kg2 Rh8 45. a6 Kb6 46. a7 Rc8 47.
Rd7 Kxa7 48. Rxd5 1/2-1/2

[Event "Millionaire Chess Open 2014"]
[Site "Las Vegas USA"]
[Date "2014.10.11"]
[Round "6.11"]
[White "Kacheishvili, Giorgi"]
[Black "Xiong, Jeffery"]
[Result "1/2-1/2"]
[WhiteTitle "GM"]
[BlackTitle "IM"]
[WhiteElo "2597"]
[BlackElo "2470"]
[WhiteFideId "13600613"]
[BlackFideId "2047640"]
[EventDate "2014.10.09"]

1. d4 Nf6 2. c4 g6 3. Nc3 d5 4. Bg5 Ne4 5. Bf4 Nxc3 6. bxc3 dxc4 7. e3 Bg7 8.
Bxc4 c5 9. Nf3 O-O 10. O-O Nd7 11. Bb3 Nb6 12. e4 cxd4 13. cxd4 Bg4 14. Be3 Rc8
15. Qd3 Nd7 16. Rad1 Qa5 17. Rc1 Bxf3 18. gxf3 Qh5 19. Bxf7+ Kxf7 20. Qb3+ e6
21. Qxb7 Rcd8 22. Rc7 Ke8 23. Qc6 Qh3 24. e5 Rxf3 25. Bg5 Qg4+ 26. Kh1 Rxf2 27.
Rxf2 Qd1+ 28. Kg2 Qg4+ 1/2-1/2

[Event "Millionaire Chess Open 2014"]
[Site "Las Vegas USA"]
[Date "2014.10.11"]
[Round "6.12"]
[White "Stopa, Jacek"]
[Black "Ghaem Maghami, Ehsan"]
[Result "1/2-1/2"]
[WhiteTitle "IM"]
[BlackTitle "GM"]
[WhiteElo "2515"]
[BlackElo "2594"]
[WhiteFideId "1119591"]
[BlackFideId "12500739"]
[EventDate "2014.10.09"]

1. d4 Nf6 2. Nf3 e6 3. Bf4 Be7 4. h3 c5 5. e3 Qb6 6. Qc1 Nc6 7. c3 d5 8. Nbd2
Bd7 9. Bd3 Rc8 10. Qb1 cxd4 11. exd4 Na5 12. a4 Nc4 13. Nxc4 dxc4 14. Be2 Bc6
15. O-O Bd5 16. a5 Qd8 17. Ne5 Nd7 18. b4 Nxe5 19. Bxe5 Bd6 20. f4 Bxe5 21. fxe5
Qg5 22. Rf2 O-O 23. Bf3 f6 24. Bxd5 exd5 25. Qf5 Qxf5 26. Rxf5 g6 27. Rxf6 Rxf6
28. exf6 Kf7 29. Re1 Re8 30. Re5 Rxe5 31. dxe5 d4 32. Kf2 d3 33. Ke3 1/2-1/2

[Event "Millionaire Chess Open 2014"]
[Site "Las Vegas USA"]
[Date "2014.10.11"]
[Round "6.13"]
[White "Wan, Yunguo"]
[Black "Sadorra, Julio Catalino"]
[Result "0-1"]
[WhiteTitle "IM"]
[BlackTitle "GM"]
[WhiteElo "2489"]
[BlackElo "2592"]
[WhiteFideId "8603189"]
[BlackFideId "5201268"]
[EventDate "2014.10.09"]

1. e4 c5 2. Nf3 e6 3. d4 cxd4 4. Nxd4 a6 5. Bd3 Nf6 6. O-O Qc7 7. Qe2 d6 8. f4
g6 9. Nc3 Bg7 10. e5 Nfd7 11. Ndb5 axb5 12. Nxb5 Qd8 13. Nxd6+ Kf8 14. Be3 Nc6
15. a3 h5 16. Rad1 Bh6 17. Bc4 Qc7 18. Qd3 Ne7 19. Bb5 Nd5 20. Bc1 Nc5 21. Qc4
Qb6 22. Kh1 Bd7 23. Bxd7 Nxd7 24. Rxd5 exd5 25. Qxd5 Rh7 26. f5 g5 27. e6 f6 28.
exd7 Rxd7 29. Nc4 Qf2 30. Rxf2 Rxd5 31. Ne3 Re8 32. Rf1 Rde5 33. Nc4 Rxf5 34.
Kg1 Rxf1+ 35. Kxf1 Rc8 36. b3 b5 37. Nd6 Rd8 38. a4 Rxd6 39. Ba3 Ke7 40. axb5
Kd7 41. Bxd6 Kxd6 42. Ke2 f5 43. Kd3 Kc5 44. c4 Bg7 45. h3 Be5 46. Ke3 Bc7 47.
Kd3 Ba5 48. Ke3 h4 49. Kd3 Be1 50. Ke2 Bc3 51. Kd3 Ba5 52. Ke3 Bb6 53. Kf3 Kd4
54. Ke2 Kc3 0-1

[Event "Millionaire Chess Open 2014"]
[Site "Las Vegas USA"]
[Date "2014.10.11"]
[Round "6.14"]
[White "Kadric, Denis"]
[Black "Lenderman, Aleksandr"]
[Result "1/2-1/2"]
[WhiteTitle "IM"]
[BlackTitle "GM"]
[WhiteElo "2473"]
[BlackElo "2589"]
[WhiteFideId "14403803"]
[BlackFideId "2021285"]
[EventDate "2014.10.09"]

1. e4 e6 2. d4 d5 3. Nd2 c5 4. exd5 Qxd5 5. dxc5 Qxc5 6. Ne4 Qb4+ 7. Nc3 Nf6 8.
a3 Qa5 9. Bd2 a6 10. Nf3 Be7 11. Bd3 Nbd7 12. Qe2 Qc7 13. b4 b6 14. O-O Bb7 15.
Rfe1 O-O 16. h3 Bd6 17. Rac1 b5 18. Ne4 Nxe4 19. Bxe4 Bxe4 20. Qxe4 Rfc8 21. Qh4
Nf6 22. c4 bxc4 23. Bc3 Be7 24. Be5 Qc6 25. Nd2 Qd5 26. Nxc4 Rc6 27. Bb2 Rd8 28.
Re5 Qd7 29. Ree1 Qc7 30. Ne5 Rc2 31. Nc4 Rxc1 32. Rxc1 Nd5 33. Qg4 Bf6 34. Na5
Qd7 35. Bxf6 Nxf6 36. Qe2 Qa4 37. Qxa6 Qxa3 38. Rc8 Qa1+ 39. Kh2 Qe5+ 40. g3 Qd4
41. Qa7 Qd2 42. Rxd8+ Qxd8 43. b5 h5 44. Nc6 Qd2 45. Ne5 h4 46. Qxf7+ Kh8 47.
Ng6+ Kh7 48. Nf8+ Kh8 49. Ng6+ Kh7 50. Nf8+ Kh8 51. Ng6+ 1/2-1/2

[Event "Millionaire Chess Open 2014"]
[Site "Las Vegas USA"]
[Date "2014.10.11"]
[Round "6.15"]
[White "Ramirez, Alejandro"]
[Black "Fishbein, Alexander"]
[Result "1-0"]
[WhiteTitle "GM"]
[BlackTitle "GM"]
[WhiteElo "2574"]
[BlackElo "2472"]
[WhiteFideId "6500617"]
[BlackFideId "2000377"]
[EventDate "2014.10.09"]

1. d4 Nf6 2. c4 g6 3. g3 Bg7 4. Bg2 O-O 5. Nf3 d6 6. Nc3 Nbd7 7. O-O e5 8. e4 c6
9. b3 Qb6 10. Rb1 exd4 11. Nxd4 Nc5 12. Nde2 Re8 13. Be3 Qc7 14. f3 b6 15. Qd2
Be6 16. Rfd1 Rad8 17. Bf4 Qc8 18. Nd4 d5 19. cxd5 cxd5 20. e5 Nfd7 21. b4 Na6
22. Re1 Nf8 23. Ncb5 Bf5 24. Rbc1 Qa8 25. Nd6 Rxd6 26. exd6 Bxd4+ 27. Qxd4 Ne6
28. Qd2 Rd8 29. Be5 1-0

[Event "Millionaire Chess Open 2014"]
[Site "Las Vegas USA"]
[Date "2014.10.11"]
[Round "6.16"]
[White "Kaidanov, Gregory S"]
[Black "Sorkin, Igor"]
[Result "1-0"]
[WhiteTitle "GM"]
[WhiteElo "2569"]
[BlackElo "2340"]
[WhiteFideId "2008564"]
[BlackFideId "2803283"]
[EventDate "2014.10.09"]

1. Nf3 d6 2. d4 Nf6 3. c4 g6 4. Nc3 Bg7 5. e4 O-O 6. Be2 e5 7. Be3 exd4 8. Nxd4
Re8 9. f3 Nc6 10. O-O Nh5 11. Qd2 Nf4 12. Nxc6 Nxe2+ 13. Nxe2 bxc6 14. Rad1 Be6
15. b3 c5 16. Bh6 Bh8 17. Bg5 Qb8 18. Nc3 a5 19. Qc1 Qb4 20. Nb5 1-0

[Event "Millionaire Chess Open 2014"]
[Site "Las Vegas USA"]
[Date "2014.10.11"]
[Round "6.17"]
[White "Bartholomew, John"]
[Black "Akobian, Varuzhan"]
[Result "1/2-1/2"]
[WhiteTitle "IM"]
[BlackTitle "GM"]
[WhiteElo "2446"]
[BlackElo "2640"]
[WhiteFideId "2019353"]
[BlackFideId "13300580"]
[EventDate "2014.10.09"]

1. Nf3 Nf6 2. c4 b6 3. g3 Bb7 4. Bg2 g6 5. O-O Bg7 6. d4 O-O 7. Qc2 c5 8. d5 b5
9. Nc3 bxc4 10. Ne5 d6 11. Nxc4 Nbd7 12. Rd1 Rb8 13. Bd2 Ba6 14. b3 Ng4 15. Rab1
Nde5 16. Na3 Qc7 17. h3 Nf6 18. Be1 Rfc8 19. f4 Ned7 20. Nc4 Ne8 21. e3 h5 22.
Bf1 Nef6 23. Na4 Bb5 24. Nc3 Ba6 25. Be2 Nb6 26. Kh2 Nxc4 27. bxc4 Rb4 28. a3
Rxb1 29. Rxb1 Rb8 30. Rxb8+ Qxb8 31. g4 hxg4 32. hxg4 Bc8 33. Kg3 Qb7 34. Qa4
Bd7 35. Qc2 Bc8 36. Qa4 Bd7 37. Qc2 Qc8 38. Qd1 a6 39. Bf3 Qb7 40. Qc2 Qc8 41.
Qd1 Qb7 42. Qc2 Bc8 43. Bd2 Nd7 44. Be1 g5 45. Bd2 gxf4+ 46. exf4 Nf8 47. Be4
Qd7 48. Bf5 Qd8 49. Bxc8 Qxc8 50. Nd1 e6 51. Ne3 Bd4 52. dxe6 Qxe6 53. Qd3 Nd7
54. Nd5 Nf6 55. Nxf6+ Bxf6 56. Be3 Bg7 1/2-1/2

[Event "Millionaire Chess Open 2014"]
[Site "Las Vegas USA"]
[Date "2014.10.11"]
[Round "6.18"]
[White "Ortiz Suarez, Isan Reynaldo"]
[Black "Li, Ruifeng"]
[Result "1-0"]
[WhiteTitle "GM"]
[BlackTitle "FM"]
[WhiteElo "2611"]
[BlackElo "2365"]
[WhiteFideId "3507165"]
[BlackFideId "2061074"]
[EventDate "2014.10.09"]

1. e4 c5 2. Nf3 d6 3. d4 cxd4 4. Nxd4 Nf6 5. Nc3 a6 6. Bg5 Nbd7 7. Bc4 Qb6 8.
Bb3 e6 9. Qd2 Be7 10. O-O-O Nc5 11. f3 Qc7 12. h4 Bd7 13. Kb1 b5 14. a3 O-O 15.
g4 Rab8 16. h5 h6 17. Bxh6 gxh6 18. Qxh6 Nh7 19. g5 Bxg5 20. Rhg1 Kh8 21. Rxg5
Rg8 22. Rdg1 Rxg5 23. Rxg5 Rg8 24. Rxg8+ Kxg8 25. Nf5 exf5 26. Bxf7+ Kh8 27. Nd5
Qd8 28. Nf4 1-0

[Event "Millionaire Chess Open 2014"]
[Site "Las Vegas USA"]
[Date "2014.10.11"]
[Round "6.19"]
[White "Arngrimsson, Dagur"]
[Black "Felgaer, Ruben"]
[Result "1/2-1/2"]
[WhiteTitle "IM"]
[BlackTitle "GM"]
[WhiteElo "2376"]
[BlackElo "2577"]
[WhiteFideId "2301288"]
[BlackFideId "107069"]
[EventDate "2014.10.09"]

1. d4 d5 2. c4 c6 3. Nf3 Nf6 4. Nc3 dxc4 5. a4 Bf5 6. Ne5 Nbd7 7. Nxc4 Nb6 8. e3
e6 9. Qb3 Qc7 10. a5 Nxc4 11. Bxc4 Bd6 12. h3 O-O 13. O-O Rad8 14. Re1 Ne4 15.
Nxe4 Bxe4 16. Bd2 Qe7 17. f3 Bg6 18. Bc3 Bb8 19. Bb4 Bd6 20. Bc3 Rd7 21. e4 Qh4
22. Red1 Qf4 23. e5 Bb8 24. Bd2 Qh4 25. Be1 Qh5 1/2-1/2

[Event "Millionaire Chess Open 2014"]
[Site "Las Vegas USA"]
[Date "2014.10.11"]
[Round "6.20"]
[White "De Guzman, Ricardo"]
[Black "Kulaots, Kaido"]
[Result "0-1"]
[WhiteTitle "IM"]
[BlackTitle "GM"]
[WhiteElo "2379"]
[BlackElo "2564"]
[WhiteFideId "5200121"]
[BlackFideId "4500261"]
[EventDate "2014.10.09"]

1. d4 Nf6 2. Nf3 g6 3. Bg5 Bg7 4. Nbd2 O-O 5. c3 d6 6. e3 Nbd7 7. Bd3 b6 8. O-O
Bb7 9. e4 e5 10. Re1 Qe8 11. a4 a6 12. Qc2 h6 13. Bh4 Nh5 14. Rad1 Kh8 15. Bg3
Qe7 16. Nc4 Nxg3 17. hxg3 Rae8 18. dxe5 dxe5 19. b4 Qd8 20. Bf1 Qc8 21. Ne3 Nf6
22. Nd5 Bxd5 23. exd5 e4 24. Nh2 Rd8 25. Bc4 Rd6 26. Nf1 c6 27. Ne3 cxd5 28.
Bxd5 Nxd5 29. Nxd5 f5 30. c4 Kh7 31. Qb3 h5 32. Ne3 Rfd8 33. Rxd6 Rxd6 34. Rd1
Rd4 35. Kf1 Qe6 36. Rxd4 Bxd4 37. Nd5 Qe5 38. c5 bxc5 39. b5 axb5 40. axb5 Kg7
41. Ke2 h4 42. Nf4 hxg3 43. Qxg3 Qe8 44. Qb3 g5 45. Ne6+ Kf6 46. Nxd4 cxd4 47.
b6 d3+ 48. Kd2 f4 49. Qb2+ Kf5 50. b7 e3+ 51. Kxd3 exf2 52. Qxf2 Qb5+ 53. Kc3
Qxb7 54. Qe2 Qc6+ 55. Kd2 Qd5+ 56. Ke1 Qe4 57. Qxe4+ Kxe4 58. Ke2 g4 59. Kf2 Kd3
60. Kf1 0-1